Statistiques concernant Géographie chinoise (QCM)

Cliquez ici pour prendre le quiz!

Statistiques générales

  • Ce quiz a été pris 94 fois
  • Le résultat moyen est 10 sur 20

Statistiques - réponses

QuestionRéponse% Correct
Quelle est la capitale du pays?Pékin
97%
Quel autre pays est traversé par le désert de Gobi?Mongolie
79%
De quelle nation européenne la Chine a récupéré Macao le 20 décembre 1999?Du Portugal
76%
Quelle est la capitale de la région autonome du Tibet?Lhassa
70%
Quel pays n'est pas limitrophe de la Chine?Cambodge
62%
Quelle frontière de la Chine est la plus longue?Chine-Mongolie
58%
Quelle est l'altitude maximale du pays?8848 m
56%
De quelle province Canton est la capitale?Guangdong
55%
La province de Hainan est... ?Une île au sud de la Chine
53%
Quel est le plus long fleuve de Chine?Yangzi Jiang
52%
Quelle est la capitale de la région autonome du Xinjiang?Ürümqi
49%
Laquelle de ces municipalités n'existe pas?Municipalité de Hong Kong
43%
Quel cours d'eau coule à Canton?Rivière des Perles
42%
De quelle province Chengdu est la capitale?Sichuan
38%
Laquelle de ces régions/provinces est la plus grande?Mongolie-Intérieure
34%
Le Heilongjiang, abrégé en Hei, est la province...?La plus septentrionale
33%
Dans quelle ville se forme le Hai He?Tianjin
31%
Quel est le nom chinois du fleuve Jaune?Huang He
26%
Quelles villes se trouvent aux extrémités de la "Grande Muraille"?Shanhaiguan et Jiayuguan
24%
Quelle ville/agglomération n'est pas traversée par le Yangzi Jiang?Lanzhou
21%

Distribution des résultats

Percentile par nombre de réponses

% des personnes avec chaque résultat

Votre développement - résultats

Vous n’avez pas pris ce quiz